La fiesta de la liberación de los oprimidos (Registro nro. 51760)
[ vista simple ]
| 000 -LÍDER | |
|---|---|
| Campo fijo de descripción fija | 01050aab a2200205 i 4500 |
| 001 - NÚMERO DE CONTROL | |
| Campo de control | 768714001 |
| 003 - IDENTIFICADOR DEL NÚMERO DE CONTROL | |
| Campo de control | CO-MdFUSB |
| 005 - FECHA Y HORA DE LA ULTIMA TRANSACCIÓN | |
| control field | 20250729172154.0 |
| 008 - ELEMENTOS DE LONGITUD FIJA -- INFORMACIÓN GENERAL | |
| Campo fijo de descripción fija -- Información general | 240327t1988 ag ||||| |||| 00| 0 spa d |
| 040 ## - FUENTE DE CATALOGACIÓN | |
| Idioma de catalogación | spa |
| Agencia que realiza la transcripción | CO-MdFUSB |
| 041 ## - CÓDIGO DE IDIOMA | |
| Código de idioma para texto/pista de sonido o título separado | spa |
| 100 1# - ASIENTO PRINCIPAL--NOMBRE PERSONAL | |
| Nombre personal | Zapata A., Rodrigo (Albuja) |
| Término relacionador | autor |
| 245 13 - TÍTULO | |
| Título | La fiesta de la liberación de los oprimidos |
| Mención de responsabilidad | / Rodrigo Zapata A. |
| 300 ## - DESCRIPCIÓN FÍSICA | |
| Extensión | Volumen 7, número 2 (junio, 1988), páginas: 14 - 19 |
| Dimensiones | ; 27 cm |
| 520 ## - NOTA DE RESUMEN, ETC. | |
| Nota de sumario, etc. | El eco paulino de "estén siempre felices" es vivido más que pensado a nivel de simple doctrina. Los "indígenas" gozan juntos cantando salmos o comiendo papas, jugando a la pelota, o vendiendo sus legumbres en el mercado.<br/>Para ellos la fiesta llega al clímax cuando salen para dar "testimonio" de la verdad para presidir la cooperativa que trabaja en el ben de la comunidad. |
| 650 #7 - ASIENTO SECUNDARIO DE MATERIA - TERMINO TEMÁTICO | |
| Término temático o nombre geográfico como elemento de entrada | Teología de la liberación |
| 9 (RLIN) | 449 |
| 773 0# - ASIENTO DE ITEM FUENTE | |
| Título | Iglesia y Misión |
| Biblionumber | 49402 |
| Itemnumber | 59672 |
| Parte(s) relacionada(s) / Volumen., número. (mes año), páginas | Volumen 7, número 2 (junio, 1988), páginas: 14 - 19 |
| Enumeración y primera página | páginas: 14 |
| 942 ## - TIPO DE MATERIAL (KOHA) | |
| Tipo de Item KOHA | Artículos de Revista |
| 945 ## - INFORMACIÓN LOCAL DEL REGISTRO | |
| Catalogador | JTF-925 |
No hay ítems disponibles.
